Statistics for Norris Nuts Family Quiz

Click here to take the quiz!

General Stats

  • This quiz has been taken 54 times
  • The average score is 8 of 8

Answer Stats

HintAnswer% Correct
MotherBrooke
100%
DaughterCharm
100%
SonDisco
100%
FatherJustin
100%
DaughterSabre
100%
DaughterNaz
98%
SonCoda
95%
DaughterCerrus
93%

Score Distribution

Percentile by Number Answered

Percent of People with Each Score

Your Score History

You have not taken this quiz